NBA Finals MVP - Statistics

General Stats
  • This quiz has been taken 1,467 times
    1,346 since last reset
  • The average score is 34 of 49
Answer Stats
Year Player % Correct
2016 LeBron James
99%
2013 LeBron James
99%
2012 LeBron James
99%
2017 Kevin Durant
95%
1998 Michael Jordan
85%
1997 Michael Jordan
85%
1996 Michael Jordan
85%
1993 Michael Jordan
85%
1992 Michael Jordan
85%
1991 Michael Jordan
85%
2010 Kobe Bryant
84%
2009 Kobe Bryant
84%
2002 Shaquille O'Neal
83%
2001 Shaquille O'Neal
83%
2000 Shaquille O'Neal
83%
2005 Tim Duncan
82%
2003 Tim Duncan
82%
1999 Tim Duncan
82%
2011 Dirk Nowitzki
80%
1986 Larry Bird
78%
1984 Larry Bird
78%
1987 Magic Johnson
78%
1982 Magic Johnson
78%
1980 Magic Johnson
78%
1985 Kareem Abdul-Jabbar
77%
1971 Kareem Abdul-Jabbar
77%
1995 Hakeem Olajuwon
76%
1994 Hakeem Olajuwon
76%
2006 Dwyane Wade
75%
2014 Kawhi Leonard
75%
2008 Paul Pierce
72%
2007 Tony Parker
69%
1990 Isiah Thomas
68%
1972 Wilt Chamberlain
67%
2004 Chauncey Billups
64%
1979 Dennis Johnson
60%
1969 Jerry West
60%
1983 Moses Malone
51%
1988 James Worthy
49%
1989 Joe Dumars
48%
1977 Bill Walton
45%
1974 John Havlicek
38%
1973 Willis Reed
35%
1970 Willis Reed
35%
1978 Wes Unseld
34%
1975 Rick Barry
25%
1981 Cedric Maxwell
22%
1976 Jo Jo White
20%
2015 Andre Igoudala
8%
No matching quizzes found
Score Distribution
Percent of People with Each Score
Percentile by Number Answered
Your Score History
You have not taken this quiz since the last reset